Pabellón de mujeres / (Registro nro. 10655)
[ vista simple ]
| 000 -LIDER | |
|---|---|
| fixed length control field | 00700nam a22002297a 4500 |
| 003 - IDENTIFICACDOR DE NÚMERO DE CONTROL | |
| control field | DO-SdBNP |
| 005 - DATE AND TIME OF LATEST TRANSACTION | |
| control field | 20180201141852.0 |
| 008 - ELEMENTOS DE LONGITUD FIJA | |
| fixed length control field | 160704b 2011 sp||| 00| 0 spa d |
| 020 ## - ISBN | |
| International Standard Book Number | 9788466318150 |
| 040 ## - FUENTE DE CATALOGACIÓN | |
| Agencia que crea de manera original el registro | BPMSU |
| Idioma de catalogación | spa |
| Agencia que realiza la transcripción | BPMSU |
| 100 1# - ASIENTO PRINCIPAL -- NOMBRE PERSONAL | |
| Nombre personal | Buck, Pearl S. |
| 245 1# - MENCIÓN DE TITULO | |
| Título | Pabellón de mujeres / |
| Mención de responsabilidad | Pearls S. Buck ; traducción Isabel Murillo Fort |
| 250 ## - MENCIÓN DE EDICION | |
| Mención de edición | 3a ed. |
| 260 ## - PUBLICACIÓN, DISTRIBUCIÓN, ETC. (PIE DE IMPRENTA) | |
| Lugar de publicación, distribución, etc | España : |
| Nombre del editor, distribuidor, etc. | Santillana ediciones generales, |
| Fecha de publicación, distribución, etc | 2011. |
| 300 ## - DESCRIPCIÓN FÍSICA | |
| Extensión | 527 p. ; |
| Dimensiones | 19 cm. |
| 490 1# - MENCIÓN DE SERIES | |
| Mención de serie | Punto de lectura |
| Volume/sequential designation | 187/1 |
| 700 1# - ASIENTO SECUNDARIO -- NOMBRE PERSONAL | |
| Nombre personal | Murillo Fort, Isabel, |
| Mención de responsabilidad | tr. |
| 830 #0 - ASIENTO SECUNDARIO DE SERIE--TÍTULO UNIFORME | |
| Título uniforme | Punto de lectura |
| Número de la parte o sección de una obra | 187/1 |
| 942 ## - ADDED ENTRY ELEMENTS (KOHA) | |
| Source of classification or shelving scheme | Dewey Decimal Classification |
| Koha item type | Libros |
| 945 ## - INFORMACIÓN DE PROCESAMIENTO LOCAL | |
| Información de procesamiento local | Inventariado, 2018 / BT |
| 956 ## - LOCAL ELECTRONIC LOCATION AND ACCESS (OCLC) | |
| Nombre de host | BTAVÁREZ |
| Número de acceso | 10 |
| Trayectoria | 20160406 |
| Nombre Electrónico | BPMSU |
| Procesador de solicitud | 0038 |
| Withdrawn status | Lost status | Source of classification or shelving scheme | Damaged status | Not for loan | Collection code | Home library | Current library | Date acquired | Source of acquisition | Total Checkouts | Barcode | Date last seen | Price effective from | Koha item type | Copy number |
|---|---|---|---|---|---|---|---|---|---|---|---|---|---|---|---|
| Dewey Decimal Classification | Colección Juvenil General | Biblioteca Pública Metropolitana Salomé Ureña | Biblioteca Pública Metropolitana Salomé Ureña | 07/04/2016 | ALFAGUARA | BPMSU16070028 | 07/04/2016 | 07/04/2016 | Libros | ||||||
| Dewey Decimal Classification | Colección Juvenil General | Biblioteca Pública Metropolitana Salomé Ureña | Biblioteca Pública Metropolitana Salomé Ureña | 02/01/2018 | ALFAGUARA | BPMSU18020010 | 02/01/2018 | 02/01/2018 | Libros | e. 2 | |||||
| Dewey Decimal Classification | Colección Juvenil General | Biblioteca Pública Metropolitana Salomé Ureña | Biblioteca Pública Metropolitana Salomé Ureña | 02/01/2018 | ALFAGUARA | BPMSU18020011 | 02/01/2018 | 02/01/2018 | Libros | e. 3 |